[Event "Titled Tuesday intern op 17th May Early"]
[Site "Chess.com INT"]
[Date "2022.05.17"]
[Round "9"]
[White "Omariev, Maksim"]
[Black "Cunha, Lucas Aguiar"]
[Result "1-0"]
[WhiteElo "2304"]
[BlackElo "2328"]
[PlyCount "65"]
[EventDate "2022.05.17"]
[EventType "swiss (blitz)"]
[EventRounds "11"]
[EventCountry "USA"]
[SourceTitle "CBM 208 Extra"]
[Source "ChessBase"]
[SourceDate "2022.07.31"]
[SourceVersion "1"]
[SourceVersionDate "2022.07.31"]
[SourceQuality "1"]

1. g4 d5 2. Bg2 c6 3. h3 e5 4. d4 e4 5. c4 f5 6. gxf5 Bxf5 7. Nc3 Nf6 8. Qb3 Qd7 9. Bg5 Be6 10. 0-0-0 Be7 11. f3 exf3 12. Nxf3 dxc4 13. Qc2 Na6 14. Ne5 Qc7 15. a3 0-0-0 16. Qa4 Qb6 17. Nxc4 Qc7 18. e4 h6 19. Bxf6 Bxf6 20. e5 Bg5+ 21. Kb1 Kb8 22. Na5 Bc8 23. h4 Be3 24. Ka1 Rhf8 25. Rd3 Bf2 26. Ne4 Qb6 27. Nd6 Qc7 28. Rc1 Rxd6 29. exd6 Qxd6 30. Rb3 Ka8 31. Nxc6 Qg3 32. Qxa6 Qxg2 33. Qxa7# 1-0

[Event "Titled Tuesday intern op 17th May Early"]
[Site "Chess.com INT"]
[Date "2022.05.17"]
[Round "3"]
[White "Terletsky, Oleg"]
[Black "Cunha, Lucas Aguiar"]
[Result "1-0"]
[WhiteElo "2176"]
[BlackElo "2328"]
[PlyCount "61"]
[EventDate "2022.05.17"]
[EventType "swiss (blitz)"]
[EventRounds "11"]
[EventCountry "USA"]
[SourceTitle "CBM 208 Extra"]
[Source "ChessBase"]
[SourceDate "2022.07.31"]
[SourceVersion "1"]
[SourceVersionDate "2022.07.31"]
[SourceQuality "1"]

1. e4 c5 2. Nf3 e6 3. d4 cxd4 4. Nxd4 Nc6 5. Nb5 d6 6. c4 a6 7. N5a3 Nf6 8. Nc3 Be7 9. Be2 0-0 10. 0-0 b6 11. Be3 Bb7 12. Rc1 Rc8 13. f3 Ne5 14. Qd4 Ned7 15. Qd2 Qc7 16. Nc2 Qb8 17. Nd4 Bd8 18. Qe1 Bc7 19. Qh4 Rfe8 20. g4 Nf8 21. g5 N6d7 22. f4 e5 23. Nf5 Ng6 24. Qh5 exf4 25. Bxf4 Nxf4 26. Rxf4 Ne5 27. Rh4 h6 28. gxh6 g6 29. h7+ Kh8 30. Qh6 gxf5 31. Qf6# 1-0

[Event "Titled Tuesday intern op 10th May Early"]
[Site "Chess.com INT"]
[Date "2022.05.10"]
[Round "2"]
[White "Cunha, Lucas Aguiar"]
[Black "Bluebaum, Matthias"]
[Result "0-1"]
[WhiteElo "2328"]
[BlackElo "2663"]
[PlyCount "70"]
[EventDate "2022.05.10"]
[EventType "swiss (blitz)"]
[EventRounds "11"]
[EventCountry "USA"]
[SourceTitle "CBM 208 Extra"]
[Source "ChessBase"]
[SourceDate "2022.07.31"]
[SourceVersion "1"]
[SourceVersionDate "2022.07.31"]
[SourceQuality "1"]

1. e4 c6 2. d4 d5 3. e5 Bf5 4. Nf3 e6 5. Be2 c5 6. dxc5 Bxc5 7. a3 a6 8. b4 Ba7 9. Nbd2 Nc6 10. Bb2 Nge7 11. 0-0 Ng6 12. Re1 0-0 13. c4 Nf4 14. Bf1 Nd3 15. Bxd3 Bxd3 16. c5 b6 17. Qb3 Bg6 18. Qa4 Qd7 19. cxb6 Bxb6 20. Rac1 Nxe5 21. Qxd7 Nxd7 22. Rc6 a5 23. b5 a4 24. Bd4 Rfb8 25. Rd6 Rb7 26. Rxd7 Rxd7 27. Bxb6 Rb7 28. Bc5 Rxb5 29. Bb4 Rc8 30. Nd4 Rb7 31. h4 h6 32. f3 Rbc7 33. Kf2 Rc1 34. Re3 Rd1 35. Nf1 Rxd4 0-1